RICS construction market survey (Record no. 115013)

MARC details
000 -LEADER
fixed length control field 01496cad a22002175a 4500
001 - CONTROL NUMBER
control field L157884
008 - FIXED-LENGTH DATA ELEMENTS--GENERAL INFORMATION
fixed length control field 120214s2012 xxk 000 0 eng d
035 ## - SYSTEM CONTROL NUMBER
System control number (Sirsi) u157884
041 0# - LANGUAGE CODE
Language code of text/sound track or separate title eng
050 ## - LIBRARY OF CONGRESS CALL NUMBER
Classification number 338.47624 $2 18
110 2# - MAIN ENTRY--CORPORATE NAME
Corporate name or jurisdiction name as entry element Royal Institution of Chartered Surveyors
Subordinate unit Economics
9 (RLIN) 5033
245 00 - TITLE STATEMENT
Title RICS construction market survey
Remainder of title United Kingdom, second quarter 2012
Medium [electronic resource]
260 ## - PUBLICATION, DISTRIBUTION, ETC.
Place of publication, distribution, etc. London
Name of publisher, distributor, etc. RICS
Date of publication, distribution, etc. 2012
490 ## - SERIES STATEMENT
Series statement RICS Construction Market Survey United Kingdom
Volume/sequential designation First Quarter 2012
520 ## - SUMMARY, ETC.
Summary, etc. The Q2 2012 RICS UK Construction Market Survey highlights several key points. First, activity levels reported by quantity surveyors (who tend to see construction work at an early stage in the process) edged lower. Secondly, the deterioration in workloads was fairly broad-based, with four out of the six regions in the survey posting negative net balances; only London/South East recorded even modestly rising workloads. Third, the drop in workloads was visible in most segments of the market. Finally, output and employment expectations for the coming twelve months remain positive but profit margins are projected to stay under pressure. The headline net balance for total construction workloads
590 ## - LOCAL NOTE (RLIN)
Local note KA
651 #4 - SUBJECT ADDED ENTRY--GEOGRAPHIC NAME
Geographic name United Kingdom
Chronological subdivision
690 ## - LOCAL SUBJECT ADDED ENTRY--TOPICAL TERM (OCLC, RLIN)
Topical term or geographic name as entry element Construction management
9 (RLIN) 6230
856 40 - ELECTRONIC LOCATION AND ACCESS
Uniform Resource Identifier <a href="https://www.rics.org/Global/RICS%20UK%20Construction%20Market%20Survey%20Q2%202012.pdf">https://www.rics.org/Global/RICS%20UK%20Construction%20Market%20Survey%20Q2%202012.pdf</a>
Public note View the report free of charge at www.rics.org.
942 ## - ADDED ENTRY ELEMENTS (KOHA)
Suppress in OPAC 0
Holdings
Withdrawn status Lost status Source of classification or shelving scheme Damaged status Not for loan Home library Current library Shelving location Date acquired Total Checkouts Full call number Barcode Date last seen Copy number Price effective from Koha item type
    Dewey Decimal Classification     London London Online 25/06/2013   ONLINE PUBLICATION 157884-1001 06/08/2019 1 06/08/2019 Online material